Impact of Banking Union on the Banking Industry In Slovak Republic
V dôsledku vysokej miery globalizácie sa môže stať, že problémy niektorých bánk môžu ovplyvniť nielen ekonomiku materskej krajiny, ale aj ekonomiky krajín, v ktorých majú svoje zastúpenie. Poukázanie na opatrenia zabezpečujúce stabilizáciu ekonomík členských krajín EÚ. Analýza bankového sektora SR a...
Guardado en:
| Autor principal: | |
|---|---|
| Otros Autores: | , |
| Formato: | Capítulo de libro |
| Lenguaje: | eslovaco |
| Materias: | |
| Etiquetas: |
Sin Etiquetas, Sea el primero en etiquetar este registro!
|
MARC
| LEADER | 00000nla a2200000 4500 | ||
|---|---|---|---|
| 001 | 0241560 | ||
| 005 | 20240502083648.2 | ||
| 041 | 0 | |a slo | |
| 044 | |a CZ | ||
| 245 | 1 | 0 | |a Impact of Banking Union on the Banking Industry In Slovak Republic |c Eva Jančíková, Janka Pásztorová, Leonid Raneta |
| 520 | |a V dôsledku vysokej miery globalizácie sa môže stať, že problémy niektorých bánk môžu ovplyvniť nielen ekonomiku materskej krajiny, ale aj ekonomiky krajín, v ktorých majú svoje zastúpenie. Poukázanie na opatrenia zabezpečujúce stabilizáciu ekonomík členských krajín EÚ. Analýza bankového sektora SR a hodnotenie činnosti bankovej únie. | ||
| 610 | 2 | 0 | |a banky |
| 610 | 2 | 0 | |a bankovníctvo |
| 610 | 2 | 0 | |a únie bankové |
| 610 | 2 | 0 | |a globalizácia |
| 610 | 2 | 0 | |a riziko bankové |
| 610 | 2 | 0 | |a riziko finančné |
| 610 | 2 | 0 | |a dohľad bankový |
| 610 | 2 | 0 | |a kríza hospodárska |
| 610 | 2 | 0 | |a dlhy |
| 100 | 1 | |a Jančíková, Eva, 1960- | |
| 700 | 1 | |a Pásztorová, Janka, 1960- | |
| 700 | 1 | |a Raneta, Leonid, 1982- | |